Občiansky zákonník a súvisiace predpisy

Gespeichert in:
Bibliographische Detailangaben
Format: Buch
Sprache:Slowakisch
Veröffentlicht: Bratislava Obzor 1980
Ausgabe:2. dopln. vyd.
Schriftenreihe:Zákonníky
Tags: Tag hinzufügen
Keine Tags, Fügen Sie das erste Tag hinzu!

MARC

LEADER 00000nam a2200000 4500
001 c142183
005 20041019155324.1
041 0 |a slo 
044 |a SK 
245 1 0 |a Občiansky zákonník a súvisiace predpisy 
250 |a 2. dopln. vyd. 
264 1 |a Bratislava  |b Obzor  |c 1980 
300 |a S. 609-1071 
490 1 |a Zákonníky 
830 0 |a Zákonníky